| 000 | 01156nam0a22002891 4500 | ||
|---|---|---|---|
| 001 | rc\4649484 | ||
| 005 | 20130416202134.5 | ||
| 021 |
_aRU _b[68-43607] |
||
| 035 | _a(NLR Aleph) 008690572 | ||
| 090 |
_a9236148 _c9236148 |
||
| 100 | _a20130416d1968 |||y0rusy50 ca | ||
| 101 | 0 | _arus | |
| 102 | _aRU | ||
| 105 | _ay z ||||| | ||
| 200 | 1 |
_aО возрастании руководящей роли КПСС в строительстве коммунизма _fО-во "Знание" РСФСР |
|
| 210 |
_aМосква _cБ. и. _d1968 |
||
| 215 |
_a49 с. _d19 |
||
| 225 | 1 |
_aВ помощь лектору _fНауч.-метод. совет по пропаганде истории КПСС и истории СССР |
|
| 300 | _aПеред загл. авт.: Е.И. Солдатенко, канд. ист. наук | ||
| 320 | _aБиблиогр.: с. 49 | ||
| 601 | 0 | 2 |
_aКПСС _jМатериалы для докладов, лекций и т. п. _2psbo |
| 700 | 1 |
_aСолдатенко _bЕ. И. _gЕфим Иванович |
|
| 801 | 0 |
_aRU _bNLR _gpsbo |
|
| 801 | 1 |
_aRU _bELAR _2rusmarc |
|
| 852 |
_aNLR _j68-4/10103 |
||
| 942 | _cBOOK | ||
| 980 | _aNB | ||